Sport by Definition - Statistics

General Stats
  • This quiz has been taken 27 times
  • The average score is 12 of 15
Answer Stats
Hint Answer % Correct
a team sport in which two teams, most commonly of five players each, opposing one another on a rectangular court, compete with the primary objective of shooting a ball Basketball
96%
a combat sport in which two people, usually wearing protective gloves and other protective equipment such as hand wraps and mouthguards, throw punches at each other Boxing
96%
a team sport played between two teams of 11 players each, who primarily use their feet to propel a ball around a rectangular field Soccer
96%
a racket sport that is played either individually against a single opponent (singles) or between two teams of two players each (doubles) Tennis
96%
a target sport and recreational activity in which a player rolls a ball toward pins Bowling
92%
a team sport played by two teams of eleven players on a rectangular field with goalposts at each end Football
92%
a bat-and-ball sport played between two teams of nine players each, taking turns batting and fielding Baseball
88%
a club-and-ball sport in which players use various clubs to hit a ball into a series of holes on a course in as few strokes as possible Golf
88%
a competitive team sport played in water between two teams of seven players each Water Polo
88%
a sport in which players slide stones on a sheet of ice toward a target area which is segmented into four concentric circles Curling
72%
a striking art using punching, kicking, knee strikes, elbow strikes, and open-hand techniques Karate
72%
the sport of racing boats using oars. It differs from paddling sports in that rowing oars are attached to the boat using oarlocks Rowing
72%
a racket-and-ball sport played by two or four players in a four-walled court with a small, hollow, rubber ball Squash
60%
a sport that includes athletic contests based on running, jumping, and throwing skills Track and Field
56%
an action sport that involves riding and performing tricks Skateboarding
44%
No matching quizzes found
Score Distribution
Percent of People with Each Score
Percentile by Number Answered
Your Score History
You have not taken this quiz